BSOP header

Ministering to youth : (Record no. 4690)

MARC details
000 -LEADER
fixed length control field 00681nam a2200181 4500
008 - FIXED-LENGTH DATA ELEMENTS--GENERAL INFORMATION
fixed length control field 011105s1980 us 0 engCO
020 ## - INTERNATIONAL STANDARD BOOK NUMBER
International Standard Book Number 087239395X
090 ## - LOCALLY ASSIGNED LC-TYPE CALL NUMBER (OCLC); LOCAL CALL NUMBER (OCLC)
Classification number (OCLC) (R) ; Classification number, CALL (RLIN) (NR) BV4447
Local cutter number (OCLC) ; Book number/undivided call number, CALL (RLIN) M66r
245 10 - TITLE STATEMENT
Title Ministering to youth :
Remainder of title a strategy for the 80's /
Statement of responsibility, etc edited by David Roadcup.
260 ## - PUBLICATION, DISTRIBUTION, ETC. (IMPRINT)
Place of publication, distribution, etc Ohio :
Name of publisher, distributor, etc Standard Publishing,
Date of publication, distribution, etc c1980.
300 ## - PHYSICAL DESCRIPTION
Extent 254 p.
504 ## - BIBLIOGRAPHY, ETC. NOTE
Bibliography, etc Includes bibliographical references.
650 #4 - SUBJECT ADDED ENTRY--TOPICAL TERM
Topical term or geographic name as entry element Church work with young adults
General subdivision Addresses, essays, lectures.
650 #4 - SUBJECT ADDED ENTRY--TOPICAL TERM
Topical term or geographic name as entry element Church work with youth
General subdivision Addresses, essays, lectures.
951 ## - EQUIVALENCE OR CROSS-REFERENCE-GEOGRAPHIC NAME/AREA NAME [OBSOLETE] [CAN/MARC only]
General subdivision 00008426
700 1# - ADDED ENTRY--PERSONAL NAME
Personal name Roadcup, David
951 ## - EQUIVALENCE OR CROSS-REFERENCE-GEOGRAPHIC NAME/AREA NAME [OBSOLETE] [CAN/MARC only]
-- 21958
-- BV4447/M66r
-- 070613111014531
-- 2000-12-21
-- GC
Holdings
Withdrawn status Lost status Damaged status Not for loan Home library Current library Shelving location Date acquired Accession number Shelving control number Total Checkouts Full call number Barcode Date last seen Price effective from Koha item type
        BSOP Library BSOP Library GC 12/21/2000 21958 127   BV4447/M66r 00008426 02/23/2013 02/23/2013 Books
BSOP

Biblical Seminary of the Philippines
  All rights Reserved
  © 2024

CONTACT INFORMATION

Biblical Seminary of the Philippines,
  77-B Karuhatan Road, Valenzuela City,
  PHILIPPINES 1441
  Phone: +632 8292-6795 / 8292-6798
  Fax : +632 8292-6675
  Email: library@bsop.edu.ph